MARC

LEADER 00000cam a2200000 7i4500
001 0000006567
005 20061022093000.0
008 021119n
090 0 0 |a HG4027.4   |b .P4 1982 
110 1 |a Seminar Pengurusan Kewangan Koperasi (1982 : Johor Bahru) 
245 0 0 |a Kertas kerja Seminar Pengurusan Kewangan Koperasi   |c Bank Pusat Kerjasama Berhad 
300 |a 1jpelbagai mukasurat ;   |c 30 cm. 
650 0 |a Cooperative societies   |z Malaysia   |x Accounting   |x Congresses 
650 0 |a Cooperative societies   |z Malaysia   |x Finance   |x Congresses 
650 0 |a Cooperative societies   |z Malaysia   |x Management   |x Congresses 
710 1 1 |a Bank Pusat Kerjasama Berhad 
999 |a 1000047790   |b Seminar Papers   |c Reference   |e Gong Badak Campus